Deutsch-Französische Partnerstädte - Statistiken

Allgemein
  • Dieses Quiz wurde 31 mal gespielt
  • Das Durchschnittsergebnis liegt bei 5 aus 57
Antwortstatistiken
Französische Stadt Deutsche Stadt % Korrekt
Paris Berlin
97%
Marseille Hamburg
77%
Lyon Frankfurt am Main und Leipzig
52%
Bordeaux München
26%
Toulouse Düsseldorf
23%
Straßburg Stuttgart und Dresden
23%
Lille Köln und Erfurt
19%
Nizza Nürnberg
19%
Angoulême Hildesheim
13%
Orléans Münster
13%
Brest Kiel
10%
Dijon Mainz
10%
Toulon Mannheim
10%
Versailles Potsdam und Gießen
10%
Nantes Saarbrücken
10%
Nîmes Braunschweig und Frankfurt (Oder)
6%
Mulhouse Chemnitz und Kassel
6%
Calais Duisburg und Wismar
6%
Grenoble Essen, Halle (Saale) und Stendal
6%
Besancon Freiburg
6%
Perpignan Hannover
6%
Lorient Ludwigshafen
6%
Roubaix Mönchengladbach
6%
Angers Osnabrück
6%
Clermont-Ferrand Regensburg
6%
Dünkirchen Rostock und Krefeld
6%
Chartres Speyer
6%
Reims Aachen
3%
Bourges Augsburg
3%
Annecy Bayreuth
3%
Troyes Darmstadt
3%
Amiens Dortmund und Görlitz
3%
Limoges Fürth
3%
Pau Göttingen
3%
Châteauroux Gütersloh
3%
Montpellier Heidelberg
3%
Béziers Heilbronn
3%
La Rochelle Lübeck
3%
Le Havre Magdeburg
3%
Cholet Oldenburg
3%
Le Mans Paderborn
3%
Metz Trier
3%
Caen Würzburg
3%
Rodez Bamberg
0%
Cherbourg Bremerhaven und Northeim
0%
Rennes Erlangen
0%
Rouen Hannover und Uelzen
0%
Saint-Quentin Kaiserslautern
0%
Nancy Karlsruhe
0%
Montbéliard Ludwigsburg
0%
Poitiers Marburg
0%
Tours Mülheim an der Ruhr
0%
Saint-Nazaire Saarlouis
0%
Antibes Schwäbisch Gmünd
0%
Aix-en-Provence Tübingen
0%
Avignon Wetzlar
0%
St. Étienne Wuppertal und Geltendorf (Bayern)
0%
Keine übereinstimmenden Quizze gefunden
Verteilung der Resultate
Anzahl Personen mit jedem Resultat
Perzentil nach korrekt beantworteten Fragen
Ihre Resultats-Entwicklung
Sie haben dieses Quiz noch nicht gespielt